000 01096nam a2200313 i 4500
003 DO-SdBNP
005 20230413154930.0
007 ta
008 230413b1996 dr ag||| |||| 00| 0 spa d
040 _aDO-SdBNP
_bspa
_cBNPHU
_erda
082 4 _222
100 _950580
_aJorge, Bernarda
245 1 3 _aEl canto de tradición oral de República Dominicana /
_cBernarda Jorge ; presentación Eligio Bisonó B.
264 _aSanto Domingo :
_bAmigo del hogar,
_c1996.
300 _a297 p. :
_bilustraciones y música ;
_c23 cm.
336 _2rdacontent
_atexto
_btxt
337 _2rdamedia
_asin mediación
_bn
338 _2rdacarrier
_avolumen
_bnc
490 1 _aBanreservas
490 1 _aArte y cultura
_v2
500 _aIncluye referencias bibliográficas y notas al pie de las páginas
500 _aIncluye datos biográficos de la autora en las solapas
504 _aBibliográfia : p. 255--259
590 _aInventariado, 2023/BT
700 1 _aBisonó B., Eligio,
_epresentación
_919694
830 0 _aBanreservas
_n2
_pArte y cultura
_983252
910 _aBtavárez
942 _2ddc
_cLBS1
999 _c53235
_d53235